Système monétaire de la Hongrie précédé de quelques notions pédagogiques
Elmentve itt :
| Szerző: | |
|---|---|
| Dokumentumtípus: | Cikk |
| Megjelent: |
1913
|
| Sorozat: | Kolligátum
|
| Kulcsszavak: | Pénzügy - Magyarország |
| Online Access: | http://misc.bibl.u-szeged.hu/23019 |
| LEADER | 00575nab a2200169 i 4500 | ||
|---|---|---|---|
| 001 | misc23019 | ||
| 005 | 20191111110535.0 | ||
| 008 | 170720s1913 hu o 0|| zxx d | ||
| 040 | |a SZTE Miscellanea Repozitórium |b hun | ||
| 041 | |a zxx | ||
| 100 | 1 | |a Márki Hugó | |
| 245 | 1 | 0 | |a Système monétaire de la Hongrie précédé de quelques notions pédagogiques |h [elektronikus dokumentum] / |c Márki Hugó |
| 260 | |c 1913 | ||
| 300 | |a 1-15 | ||
| 490 | 0 | |a Kolligátum | |
| 695 | |a Pénzügy - Magyarország | ||
| 856 | 4 | 0 | |u http://misc.bibl.u-szeged.hu/23019/1/08645_001-015.pdf |z Dokumentum-elérés |